| 000 | 00544nam a2200181Ia 4500 | ||
|---|---|---|---|
| 003 | GCL | ||
| 008 | 140319s9999 xx 000 0 ara d | ||
| 040 |
_aGCL / _cGCL |
||
| 082 | 0 | 4 |
_a310.51102 _bم ا |
| 100 | 1 | _aمصطفى زايد | |
| 245 | 1 | 0 |
_aالاحصاء والاستقراء الجزء الاول اسس الاستقرار / _cمصطفى زايد |
| 260 |
_a[S.N] : _bهجر للطباعة والنشر ، _c1990 |
||
| 300 | _a200 ص | ||
| 490 | _a | ||
| 650 | 0 | 4 | _aالاستقراء |
| 650 | 0 | 4 | _aالفروض |
| 942 |
_2ddc _cBK |
||
| 999 |
_c46423 _d46423 |
||